LEADER 01116nam--2200409---450- 001 990002824070203316 005 20061023162045.0 010 $a0-19-513466-4 035 $a000282407 035 $aUSA01000282407 035 $a(ALEPH)000282407USA01 035 $a000282407 100 $a20061006d2001----km-y0itay50------ba 101 $aeng 102 $aUS 105 $a||||||||001yy 200 1 $aAxiomatic design$eadvances and applications$fNam Pyo Suh 210 $aNew York [etc.]$cOxford University Press$d2001 215 $aXXI, 503 p.$d25 cm. 410 0$12001 454 1$12001 461 1$1001-------$12001 606 0 $aDisegno assiomatico 606 0 $aDisegno industriale$xMetodologia 606 0 $aProgettazione 676 $a620.00425 700 1$aSUH,$bNam Pyo$0594975 801 0$aIT$bsalbc$gISBD 912 $a990002824070203316 951 $aD/173$b2253$cD 951 $aD/141$b2092$cD 959 $aBK 969 $aDIMEC 979 $aDIMEC$b90$c20061006$lUSA01$h1450 979 $aDIMEC$b90$c20061023$lUSA01$h1620 996 $aAxiomatic design$9994411 997 $aUNISA LEADER 01271nam2-2200385---450- 001 990003026850203316 005 20071203134103.0 035 $a000302685 035 $aUSA01000302685 035 $a(ALEPH)000302685USA01 035 $a000302685 100 $a20071203d1974----km-y0itay50------ba 101 $aita 102 $aIT 105 $a||||||||001yy 200 1 $a<> : Italia$escuola per le nazioni emergenti$fMaurice F. Neufeld$eil movimento laborista italiano nella sua sistemazione politica, sociale ed economica dal 1800 al 1960 210 $aBologna$cPatron$d1974 215 $a286 p., [8] c. di tav.$d22 cm 225 2 $aStoria del Risorgimento italiano e dell'Unità d'Italia$v7 410 0$12001$aStoria del Risorgimento italiano e dell'Unità d'Italia$v7 454 1$12001 461 1$1001000302683$12001 606 0 $aMovimento operaio$xStoria$yItalia 606 0 $aSindacati$yItalia$xStoria 676 $a331.88 700 1$aNEUFELD,$bMaurice F.$0242527 801 0$aIT$bsalbc$gISBD 912 $a990003026850203316 951 $aIV 4 NEV 2$b4615 DBC$cIV 959 $aBK 969 $aDBC 979 $aDBC$b90$c20071203$lUSA01$h1340 979 $aDBC$b90$c20071203$lUSA01$h1341 996 $aItalia$9651064 997 $aUNISA